000 00893nam a2200265 i 4500
003 DO-SdBNP
005 20240604140639.0
007 ta
008 240604s1987 dr a 000 j spa d
040 _aDO-SdBNP
_bspa
_cBNPHU
_erda
082 _bB928
_222
100 _aBueno, Héctor
_928207
_eautor
245 1 0 _aFuegos natales /
_cHéctor Bueno ; ilustraciones Cándido Bidó ; edición Cándido Gerón
264 1 _aSanto Domingo :
_bSanto Domingo,
_c1987.
300 _a112 páginas,
_bilustraciones
_c24 cm.
336 _2rdacontent
_atexto
_btxt
337 _2rdamedia
_asin mediación
_bn
338 _2rdacarrier
_avolumen
_bnc
500 _aIncluye datos biográficos del autor en la página 113.
590 _aInventariado, 2024/ YL
700 1 2 _aBidó, Cándido
_eilustraciones
_985590
700 1 2 _aGerón, Cándido
_eedición
_982130
910 _aYLockward
942 _2ddc
_cLBS1
999 _c56777
_d56777